|
|
|
|
| LEADER |
00783nam a2200241 i 4500 |
| 001 |
c000319041 |
| 003 |
CARM |
| 005 |
00000000000000.0 |
| 008 |
741206s1975 nyua b 00010 eng |
| 019 |
1 |
|
|a 457635
|
| 020 |
|
|
|a 0070449082 :
|c $6.50
|
| 043 |
|
|
|a n-us---
|
| 050 |
0 |
0 |
|a HC106.5
|b .M34 1975
|
| 100 |
1 |
|
|a McConnell, Campbell R.
|e ed.
|
| 245 |
1 |
0 |
|a Economic issues :
|b a book of readings /
|c Campbell R. McConnell.
|
| 250 |
|
|
|a 5th ed.
|
| 260 |
|
|
|a New York :
|b McGraw-Hill,
|c [1975]
|
| 300 |
|
|
|a xvi, 369 p. :
|b ill. ;
|c 26 cm.
|
| 504 |
|
|
|a Includes bibliographical references.
|
| 650 |
|
0 |
|a Economic history
|y 20th century.
|
| 651 |
|
0 |
|a United States
|x Economic conditions
|y 1945-
|
| 082 |
0 |
4 |
|a 330/.08
|
| 999 |
f |
f |
|i 43c598b6-e5b8-5e47-acca-964cd50c9126
|s ee4747d8-0495-5098-acd1-0a5967252ed2
|